[Event "CRO-ch"]
[Site "Zagreb"]
[Date "2023.12.09"]
[Round "7"]
[White "Bosiocic, Marin"]
[Black "Livaic, Leon"]
[Result "0-1"]
[WhiteElo "2545"]
[BlackElo "2543"]
[PlyCount "92"]
[EventDate "2023.12.05"]
[EventType "tourn"]
[EventRounds "11"]
[EventCountry "CRO"]
[EventCategory "9"]
[SourceTitle "CB51_2023"]
[SourceDate "2023.12.20"]
[SourceVersion "1"]
[SourceVersionDate "2023.12.20"]
[SourceQuality "1"]

1. e4 c5 2. Nf3 e6 3. d4 cxd4 4. Nxd4 Nf6 5. Nc3 Nc6 6. Nxc6 bxc6 7. e5 Nd5 8. Ne4 Qc7 9. f4 Rb8 10. c4 Bb4+ 11. Ke2 0-0 12. cxd5 cxd5 13. Ng5 h6 14. Nf3 f6 15. Bd2 fxe5 16. fxe5 d6 17. a3 Bxd2 18. Qxd2 dxe5 19. Qc3 Qxc3 20. bxc3 Rb2+ 21. Ke3 e4 22. Ne5 Rff2 23. Rc1 Bb7 24. Bb5 Rf5 25. Nc6 Bxc6 26. Bxc6 Rxg2 27. c4 Rf3+ 28. Kd4 Rd2+ 29. Kc5 Rxa3 30. cxd5 exd5 31. Kd6 Kh7 32. Rhg1 e3 33. Rb1 g5 34. Ke5 e2 35. Rb7+ Kh8 36. Re1 Rf3 37. Bd7 Rf7 38. h4 Kg7 39. h5 d4 40. Kd6 d3 41. Rbb1 Rxd7+ 42. Kxd7 Kf6 43. Rec1 Rc2 44. Re1 g4 45. Ra1 d2 46. Rxe2 d1Q+ 0-1

[Event "NOR-chT Elite 2324"]
[Site "Norway"]
[Date "2023.10.28"]
[Round "2.32"]
[White "Bosiocic, Marin"]
[Black "Vestby Ellingsen, Mads"]
[Result "1-0"]
[WhiteElo "2534"]
[BlackElo "2343"]
[PlyCount "123"]
[EventDate "2023.10.27"]
[EventType "team-tourn"]
[EventRounds "9"]
[EventCountry "NOR"]
[SourceTitle "Mega2024 Update 01"]
[Source "Chessbase"]
[SourceDate "2023.11.12"]
[SourceVersion "1"]
[SourceVersionDate "2023.11.12"]
[SourceQuality "1"]
[WhiteTeam "Valerenga"]
[BlackTeam "Tromsoe"]
[WhiteTeamCountry "NOR"]
[BlackTeamCountry "NOR"]

1. d4 Nf6 2. c4 e6 3. Nf3 d5 4. Nc3 Be7 5. Bf4 0-0 6. e3 c5 7. dxc5 Bxc5 8. Be2 dxc4 9. Bxc4 a6 10. a4 Nc6 11. 0-0 h6 12. e4 Nh5 13. Bd2 e5 14. Nd5 Nf6 15. Re1 Ng4 16. Re2 Nd4 17. Nxd4 Bxd4 18. h3 Nf6 19. Bc3 Bxc3 20. bxc3 Be6 21. Qb3 Rc8 22. Rd1 Bxd5 23. Bxd5 Nxd5 24. exd5 Qd6 25. c4 f5 26. Rc2 Rc5 27. Rb1 Rf7 28. Qd3 e4 29. Qe2 Rfc7 30. Qh5 Rxc4 31. Rxc4 Rxc4 32. Qxf5 Qf6 33. Qxf6 gxf6 34. Rxb7 Rxa4 35. Ra7 a5 36. Kf1 Ra3 37. Ke2 Kf8 38. d6 Rd3 39. d7 Rd5 40. Ke3 Ke7 41. Kxe4 Rxd7 42. Rxa5 Kf7 43. Kf5 Rb7 44. f4 h5 45. g4 hxg4 46. Kxg4 Kg6 47. h4 Rc7 48. h5+ Kg7 49. Kf5 Rb7 50. Rd5 Kf7 51. h6 Ra7 52. h7 Kg7 53. h8Q+ Kxh8 54. Kg6 Ra8 55. f5 Kg8 56. Rd6 Rb8 57. Kxf6 Kf8 58. Ra6 Rc8 59. Kg6 Rc2 60. Ra8+ Ke7 61. f6+ Ke6 62. Re8+ 1-0

[Event "Casablanca Mohammed op 4th"]
[Site "Casablanca"]
[Date "2023.08.18"]
[Round "8"]
[White "Stefansson, Vignir Vatnar"]
[Black "Bosiocic, Marin"]
[Result "0-1"]
[WhiteElo "2482"]
[BlackElo "2541"]
[PlyCount "94"]
[EventDate "2023.08.14"]
[EventType "swiss"]
[EventRounds "9"]
[EventCountry "MAR"]
[SourceTitle "CBM 215 Extra"]
[Source "ChessBase"]
[SourceDate "2023.09.30"]
[SourceVersion "1"]
[SourceVersionDate "2023.09.30"]
[SourceQuality "1"]

1. d4 Nf6 2. c4 e6 3. g3 Bb4+ 4. Nd2 d5 5. Bg2 0-0 6. Ngf3 b6 7. 0-0 Bb7 8. Ne5 a5 9. a3 Be7 10. b3 c5 11. Bb2 Nc6 12. cxd5 exd5 13. Nxc6 Bxc6 14. Rc1 Qd6 15. dxc5 bxc5 16. Nc4 Qe6 17. Ne5 Bb7 18. Nd3 Ne4 19. Qc2 Bd6 20. e3 a4 21. Bxe4 dxe4 22. Nxc5 Bxc5 23. Qxc5 axb3 24. Qd4 Qg6 25. Rc7 Bc8 26. h4 h6 27. Rd1 Be6 28. Qe5 Rac8 29. a4 Kh7 30. Rxc8 Rxc8 31. Rd2 Bg4 32. a5 Bf3 33. a6 Ra8 34. Rd6 Qg4 35. Kh2 Be2 36. Qd5 Ra7 37. Qd4 Rxa6 38. Rxa6 Bxa6 39. f3 Qg6 40. Qxe4 Qxe4 41. fxe4 Bb7 42. g4 Bxe4 43. Kg3 g5 44. hxg5 hxg5 45. Kf2 Bd5 46. Ke2 Be6 47. Kf3 Kg8 0-1

[Event "CAN Transnational op"]
[Site "Montreal"]
[Date "2023.06.08"]
[Round "3"]
[White "Bosiocic, Marin"]
[Black "Lee, Alice"]
[Result "1/2-1/2"]
[WhiteElo "2543"]
[BlackElo "2390"]
[PlyCount "88"]
[EventDate "2023.06.06"]
[EventType "swiss"]
[EventRounds "9"]
[EventCountry "CAN"]
[SourceTitle "CBM 214 Extra"]
[Source "ChessBase"]
[SourceDate "2023.07.31"]
[SourceVersion "1"]
[SourceVersionDate "2023.07.31"]
[SourceQuality "1"]

1. c4 c6 2. Nf3 d5 3. g3 Nf6 4. Bg2 dxc4 5. 0-0 Nbd7 6. Qc2 Nb6 7. Na3 Be6 8. Ne5 h5 9. Naxc4 Nxc4 10. Nxc4 h4 11. Ne5 hxg3 12. hxg3 Qd4 13. Qc3 Qxc3 14. bxc3 Nd7 15. Nxd7 Kxd7 16. Re1 Bh3 17. Bf3 e5 18. d3 Bd6 19. Be3 Be6 20. Reb1 Kc7 21. c4 b6 22. Rb2 f5 23. Rab1 f4 24. gxf4 exf4 25. Bd4 Bh3 26. c5 Bxc5 27. Bxc5 bxc5 28. Rb7+ Kd6 29. Rxg7 Rhg8 30. Rbb7 Rxg7+ 31. Rxg7 Be6 32. Kf1 Bxa2 33. Rg6+ Be6 34. Bg4 Re8 35. Ke1 a5 36. Kd2 a4 37. Bxe6 Rxe6 38. Rg4 c4 39. dxc4 Kc5 40. Rxf4 a3 41. Rf8 Kxc4 42. Ra8 Kb3 43. Rb8+ Kc4 44. Ra8 Kb3 1/2-1/2

[Event "Bundesliga 2223"]
[Site "Germany"]
[Date "2023.03.18"]
[Round "10.2"]
[White "Navara, David"]
[Black "Bosiocic, Marin"]
[Result "1-0"]
[WhiteElo "2676"]
[BlackElo "2548"]
[PlyCount "97"]
[EventDate "2022.10.21"]
[EventType "team-tourn"]
[EventRounds "15"]
[EventCountry "GER"]
[SourceTitle "CBM 213 Extra"]
[Source "ChessBase"]
[SourceDate "2023.05.31"]
[SourceVersion "1"]
[SourceVersionDate "2023.05.31"]
[SourceQuality "1"]
[WhiteTeam "Muelheim Nord"]
[BlackTeam "Schoenaich"]
[WhiteTeamCountry "GER"]
[BlackTeamCountry "GER"]

1. e4 c5 2. Nf3 Nc6 3. Bb5 g6 4. 0-0 Bg7 5. c3 Nf6 6. Re1 0-0 7. d4 d5 8. e5 Ne4 9. Be3 cxd4 10. cxd4 Qb6 11. Bxc6 Qxc6 12. Ng5 Bf5 13. Nxe4 dxe4 14. Nc3 Rfd8 15. Qb3 Be6 16. Qb4 Rd7 17. a4 f5 18. Rec1 a5 19. Qa3 b6 20. h4 Qb7 21. Ne2 Bd5 22. h5 e6 23. Bf4 Qa6 24. Qe3 Qd3 25. Rc3 Qxe3 26. fxe3 Bf8 27. Rac1 Be7 28. Rc7 Rad8 29. Bh6 gxh5 30. Nf4 Kf7 31. Nxd5 Rxd5 32. Rb7 R5d7 33. Rxb6 Rg8 34. Rcc6 Rg6 35. Bf4 h4 36. Kh2 h6 37. Kh3 Bd8 38. Ra6 Rd5 39. Ra7+ Ke8 40. Rc8 Rd7 41. Rxa5 Kf7 42. Rac5 Bg5 43. R5c7 Ke7 44. Bxg5+ Rxg5 45. a5 Rxc7 46. Rxc7+ Kd8 47. Rf7 Kc8 48. a6 Kb8 49. d5 1-0

[Event "Cambridge op"]
[Site "Cambridge"]
[Date "2023.02.19"]
[Round "9"]
[White "Bosiocic, Marin"]
[Black "Fernandez, Daniel Howard"]
[Result "0-1"]
[WhiteElo "2564"]
[BlackElo "2481"]
[PlyCount "86"]
[EventDate "2023.02.15"]
[EventType "swiss"]
[EventRounds "9"]
[EventCountry "ENG"]
[SourceTitle "CBM 212 Extra"]
[Source "ChessBase"]
[SourceDate "2023.03.31"]
[SourceVersion "1"]
[SourceVersionDate "2023.03.31"]
[SourceQuality "1"]

1. Nf3 g6 2. e4 Bg7 3. d4 d6 4. Nc3 c6 5. Be3 b5 6. Bd3 Nd7 7. h3 Bb7 8. 0-0 a6 9. a4 b4 10. Ne2 Ngf6 11. c3 c5 12. e5 Nd5 13. e6 fxe6 14. Ng5 Nf8 15. dxc5 Nxe3 16. fxe3 Bf6 17. Ne4 Bxe4 18. Bxe4 d5 19. Bd3 bxc3 20. b4 Qb8 21. Rb1 Nd7 22. Nf4 Qe5 23. Qg4 Bg5 24. Rbe1 Bxf4 25. exf4 Qd4+ 26. Kh2 Nf8 27. f5 Qxd3 28. f6 h5 29. Qf4 h4 30. Re3 Qc4 31. Qc7 Nd7 32. Rf4 d4 33. Ree4 Qd3 34. Qc6 Qg3+ 35. Kg1 c2 36. f7+ Kf8 37. Rf1 Rd8 38. Qxe6 Qg5 39. Ree1 d3 40. c6 Nc5 41. bxc5 Qxc5+ 42. Kh2 d2 43. Re5 c1Q 0-1